Missing Word: Wikipedia Articles You Shouldn't Create Quiz Stats

 Plays Quiz Updated Sep 8, 2019

Score 0/24 Timer 05:00
0 Plays Today
Bad article idea Missing word % Correct
Anything about how you were
abducted by ______.
Aliens
98.5%
Anything about your ___ or dog and how cute it is (or your hamster, degu, or chinchilla). Cat
98.1%
An article on the dream you ___ last night. No matter how long you describe it, it will never be interesting.Had
96.2%
Your imaginary friend or your imaginary friends that don't even _____.Exist
95.8%
Something you ____ saw on YouTube and, possibly, laughed at.Just
94.4%
Anything about how fat you are or how much weight you're losing (trust us; no ___ cares).One
94.4%
Anything you don't
____ the title of.
Know
93%
An article that has badly _______ and/or speelling. Including, bad punctuation!!Grammar
92.4%
Any article related to odorous gas clouds, but particularly smelly _____.Farts
91.8%
You or the organization you ____ for.Work
89.6%
Anything about which ___ cannot be buggered to write one complete sentYou
88.1%
Anything written under the _________ of recreational substances or while tired and emotional.Influence
88.1%
Bad article idea Missing word % Correct
Times Scooby-Doo has ____ the
laws of reality.
Defied
83.7%
Your ____ which has only sold 47 copies of its one album.Band
81.8%
The street you live on, unless it is on a ________ board.Monopoly
80.4%
Your nomination for the Noble (or even ____) Peace Prize.Nobel
79.5%
A list of celebrity couples names for couples that you wish would get ________ but as of now haven't.Together
69.5%
Likewise 'Hysterical Realism in the Works of (insert neither hysterical nor _________ author here)'.Realistic
65.8%
Anything Wikipedia has redirected you to. Apart from this ____.Page
64.5%
Your dormitory, __________ residence, or any suite therein.University
62.7%
Yet another ____
of Google Doodles.
List
62.5%
Any one of the 16 distinct regions in the Pokémon _____ game series or lieking mudkipz.Video
51.4%
A favourite line from a movie or catchy lyric, a potent phrase used in argument, juicy facts of interest to fans, a punch-line or ______.Zinger
48.9%
An article about your friend's latest ____. Or, for that matter, ____ stick.Selfie
43.1%

Today's Daily Dose

Missing Word
Sherlocks

Word Ladder
King of the Hill

Quick Pick
Songs in Pink

Get the Picture
NBA Teammates

You're not logged in!

Compare scores with friends on all Sporcle quizzes.
OR
Log In

Sporcle TV

Today on Sporcle TV


Watch our educational content, quiz creation guides, and fun videos on Sporcle TV.

Show Comments

Extras

Top Quizzes Today


Score Distribution

Your Account Isn't Verified!

In order to create a playlist on Sporcle, you need to verify the email address you used during registration. Go to your Sporcle Settings to finish the process.

Report this User

Report this user for behavior that violates our Community Guidelines.

Details: